| 000 | 00605nam a22001457a 4500 | ||
|---|---|---|---|
| 020 | _a978-0-439-18298-0 | ||
| 082 |
_a823 _bABB/G |
||
| 100 | _aABBOT, TONY | ||
| 245 |
_aTHE SECRETS OF DROON _bTHE GOLDEN WASP |
||
| 260 |
_aNEW YORK _bSCHOLASTIC _c2012 |
||
| 300 | _a101 | ||
| 520 | _aA hidden door. A magical staircase. Discover the world of Droon!Oops! Julie made a big mistake when she brought a bracelet home from Droon. Now she's upset the balance between worlds-and strange things are starting to happen. Eric's dad has disappeared into Droon | ||
| 650 |
_aADVENTURE STORY _zUNITED STATES |
||
| 942 | _cBK | ||
| 999 |
_c6080 _d6080 |
||